1003 1751 1017 1930 1362 1642 1873 1781 1990 1108 1780 1507 1466 1062 1152 1989 1237 1945 1916 1017 1159 1105 1635 1394 1883 1350 1327 1066 1413 1558 1806 1722 1286 1298 1540 1480 1976 1732 1471 1234 1629 1015 1442 1749 1211 1421 1854 1060 1808 1342 1674 1046 1407 1259 1906 1231 1079 1490 1330 1377 1546 1558 1940 1540 1977 1094 1705 1300 1921 1991 1054 1360 1469 1656 1088 1340 1830 1034 1517 1517 1458 1144 1754 1274 1004 1500 1487 1193 1710 1755 1881 1433 1994 1480 1042 1004 1610 1663 1594 BCNSPRNW ULIB Ver.6.0+V

เปลี่ยนเป็นภาษาไทย

Change to English
 แสดงรายละเอียดบรรณานุกรม
  กลับหน้าหลัก

Brief Record : Get Marc (ISO 2709) : E-mail record : QR code < ปิดหน้าต่าง
LEADER : 00000nam 2200000uu 4500
001    13399114203
003     ULIB
008    120302s2554||||th 000 0 tha d
020    ^a9789741114849
060 04 ^aWA100^bL784 ล.1 2554
100 0  ^aชิษณุ พันธุ์เจริญ,^eบรรณาธิการ
245 00 ^aLive long & strong. ^nเล่ม 1, ^pวัยเด็ก /^cบรรณาธิการ,ชิษณุ พันธุ์เจริญ
246 14 ^aLive long & strong. ^nเล่ม 1, ^pวัยเด็ก :
250    ^aพิมพ์ครั้งที่ 1
260    ^aกรุงเทพฯ :^bศูนย์เสริมพลังสร้างสุขภาพ
300    ^a175 หน้า :^bภาพประกอบ ;^c21 ซม.
490 1  ^aคู่มือดูแลสุขภาพกายและใจจาก 3 คณะแพทย์จุฬาฯ รามาฯ ศิริราช
505 0  ^aล.1. ^tวัยเด็ก คู่มือดูแลสุขภาพแรกเกิด-วัยรุ่น -- ล.2.
650  4 ^aสุขภาพ
650  4 ^aเด็ก^xสุขภาพและอนามัย
650  4 ^aทารก^xสุขภาพและอนามัย
650  4 ^aการดูแลสุขภาพด้วยตนเอง
650  4 ^aวัยรุ่น^xสุขภาพและอนามัย
653    ^aผลงานอาจารย์คณะแพทยศาสตร์ศิริราชพยาบาล
700 0  ^aสิรินทร ฉันศิริกาญจน,^eบรรณาธิการ
700 0  ^aกุลภา ศรีสวัสดิ์,^eบรรณาธิการ
710 2  ^aมหาวิทยาลัยมหิดล. ^bคณะแพทยศาสตร์โรงพยาบาลรามาธิบดี
710 2  ^aมหาวิทยาลัยมหิดล. ^bคณะแพทยศาสตร์ศิริราชพยาบาล
710 2  ^aจุฬาลงกรณ์มหาวิทยาลัย. ^bคณะแพทยศาสตร์
830  0 ^aคู่มือดูแลสุขภาพกายและใจจาก 3 คณะแพทย์จุฬาฯ รามาฯ ศิริราช
945    ^p0^l0^i18858
945    ^p0^l0^i18898
995    ^aกัณชพร
999 ^a ใช้งานได้ทุกระบบ
รายการนี้ยังไม่มีแท็ก
คุณยังไม่ได้ล็อกอิน คุณสามารถมีกิจกรรมร่วมกับเว็บไซต์ได้ แต่ต้องล็อกอินก่อน ::
  ล็อกอิน

รายการสื่อสารสนเทศ

ลำดับที่ ประเภท เลขเรียก/บาร์โค้ด สถานที่ สถานะ
1. วิทยาศาสตร์การแพทย์ และสุขภาพ
วิทยาศาสตร์การแพทย์ และสุขภาพ
WA100 L784 ล.1 2554  
  Barcode: 18858
ห้องสมุดวิทยาเขตนครสวรรค์
►ส่วนจัดเก็บหนังสือเก่า นว.
บนชั้น
  ขอยืม
2. วิทยาศาสตร์การแพทย์ และสุขภาพ
วิทยาศาสตร์การแพทย์ และสุขภาพ
WA100 L784 ล.1 2554 ฉ.2 
  Barcode: 18898
ห้องสมุดวิทยาเขตนครสวรรค์
►ส่วนจัดเก็บหนังสือเก่า นว.
บนชั้น
  ขอยืม

รายการใกล้เคียง
    หัวเรื่อง [สุขภาพ]
    หัวเรื่อง [การดูแลสุขภาพด้วยตนเอง]

BibComment


ยังไม่เคยถูกคอมเมนท์

คอมเมนท์ทรัพยากรรายการนี้
  คอมเมนท์: Live long stron..


 Copyright 2026. Bcnsprnw @Library